000 00449nmm a2200169Ia 4500
008 251105s9999||||xx |||||||||||||||||und||
020 _a9788498163209
041 _aspa
100 _aValera, Juan
245 0 _aEl comendador Mendoza
264 _a[Madrid, España] :
_bLinkgua,
_c2015
300 _a176 páginas
490 _aNarrativa
650 _aSpanish narrative
856 _uhttps://public.digitaliapublishing.com/a/16268
942 _cCF
999 _c91063
_d91063